000
00331nam a22001457a 4500
008
230403b ||||| |||| 00| 0 eng d
020
_a
9780789313706
041
_a
eng
080
_a
159.9
082
_a
159.9
100
_a
25
101
_a
PSI
245
_a
1001 BOOKS YOU MUST READ BEFORE YOU DIE
_c
BOXALL.P
942
_2
udc
_c
BK
999
_c
59485
_d
59485